| 000 | 00442nam a2200181Ia 4500 | ||
|---|---|---|---|
| 005 | 20240823054148.0 | ||
| 008 | 240823s9999||||xx |||||||||||||| ||und|| | ||
| 041 | _aENGLISH | ||
| 082 | _A681.2 Q1 | ||
| 100 | _aRamraj S | ||
| 245 | 0 | _aIndustrial Instrumentation -II | |
| 250 | _a1st | ||
| 260 |
_c2011 _bLakshmi Publi |
||
| 500 | _aYES | ||
| 650 |
_aIndustrial Instrumentation _bInstrumentation |
||
| 700 | _a Suganya R | ||
| 942 | _cBK | ||
| 999 |
_c225816 _d225816 |
||